[Event "Aragon-chT Preferente"]
[Site "Spain"]
[Date "2010.03.27"]
[Round "10.16"]
[White "Antolin Concha, Diego"]
[Black "Delgado Salcedo, Eduardo"]
[Result "1-0"]
[WhiteElo "2191"]
[BlackElo "2227"]
[PlyCount "88"]
[EventDate "2010.01.23"]
[EventType "team-swiss"]
[EventRounds "12"]
[EventCountry "ESP"]
[SourceTitle "EXT 2013"]
[Source "ChessBase"]
[SourceDate "2012.11.22"]
[SourceVersion "1"]
[SourceVersionDate "2012.11.22"]
[SourceQuality "1"]
[WhiteTeam "IberCaja IV"]
[BlackTeam "Agrupacion"]
[WhiteTeamCountry "ESP"]
[BlackTeamCountry "ESP"]

1. d4 Nf6 2. c4 g6 3. Nc3 Bg7 4. e4 d6 5. f3 0-0 6. Be3 Nc6 7. Qd2 e5 8. d5 Nd4 9. Nge2 Nxe2 10. Bxe2 Nh5 11. g4 Nf4 12. 0-0-0 a6 13. h4 h6 14. Bf1 b5 15. c5 dxc5 16. Bxc5 Re8 17. Ne2 Nxe2+ 18. Bxe2 Kh7 19. Kb1 Bd7 20. h5 g5 21. Rc1 Qf6 22. Rhd1 Rec8 23. Bd3 Kg8 24. Qf2 a5 25. Bc2 Bf8 26. Bxf8 Kxf8 27. Bd3 Kg7 28. Qe2 Rab8 29. Rc5 a4 30. Rdc1 Qb6 31. Qc2 b4 32. Rxc7 b3 33. axb3 axb3 34. Qc3 Rxc7 35. Qxe5+ Kh7 36. Rxc7 Qg1+ 37. Rc1 Qa7 38. Rc7 Qg1+ 39. Rc1 Qa7 40. Rc7 Qe3 41. Qc3 Qg1+ 42. Qc1 Qd4 43. Qc3 Qg1+ 44. Qc1 Qe3 1-0

[Event "ESP-ch U16"]
[Site "Granada"]
[Date "2009.07.18"]
[Round "8"]
[White "Coll Ortega, Jordi"]
[Black "Antolin Concha, Diego"]
[Result "0-1"]
[WhiteElo "2213"]
[BlackElo "2252"]
[PlyCount "130"]
[EventDate "2009.07.14"]
[EventType "swiss"]
[EventRounds "9"]
[EventCountry "ESP"]
[SourceTitle "CBM 131 Extra"]
[Source "ChessBase"]
[SourceDate "2009.09.03"]
[SourceVersion "2"]
[SourceVersionDate "2009.09.16"]
[SourceQuality "1"]

1. c4 e6 2. g3 d5 3. Bg2 Nf6 4. Nf3 dxc4 5. Na3 c5 6. Nxc4 Nc6 7. 0-0 Be7 8. d3 0-0 9. Bd2 Nd5 10. a3 b6 11. e4 Nc7 12. Bc3 Bb7 13. Qe2 Nb5 14. e5 Ncd4 15. Nxd4 Nxd4 16. Bxd4 Bxg2 17. Kxg2 Qxd4 18. a4 Rfd8 19. Rad1 Rab8 20. Rfe1 Rd5 21. Qf3 Rd7 22. Re4 Qd5 23. Ne3 Qb7 24. Ng4 Rbd8 25. Rde1 Rxd3 26. Qf4 R3d4 27. f3 Rd2+ 28. Kh3 Bf8 29. b4 cxb4 30. Qg5 Kh8 31. Rf4 R2d5 32. Qh4 Qe7 33. Qxe7 Bxe7 34. Rxf7 R5d7 35. Ne3 Kg8 36. Rf4 Bc5 37. Ng2 a5 38. Rfe4 Rd3 39. Nf4 Rxf3 40. Nxe6 Rc8 41. Rd1 Rf7 42. Ng5 Re7 43. e6 h6 44. Nf3 Rc6 45. Rde1 b3 46. Nd2 Bb4 47. R1e2 Bxd2 48. Rxd2 Rexe6 49. Rxe6 Rxe6 50. Rd3 b5 51. Rxb3 b4 52. Kg4 Re2 53. h4 Ra2 54. Rd3 Rxa4 55. Kf5 Ra3 56. Rd5 Rxg3 57. Rxa5 h5 58. Ke6 g6 59. Ra7 Kf8 60. Kf6 Ke8 61. Re7+ Kd8 62. Re4 Rg4 63. Re6 Kc7 64. Ke5 b3 65. Kf6 Rb4 0-1

[Event "ESP-ch U16"]
[Site "Granada"]
[Date "2009.07.17"]
[Round "6"]
[White "Silva Rodriguez, Fernando"]
[Black "Antolin Concha, Diego"]
[Result "0-1"]
[WhiteElo "2010"]
[BlackElo "2252"]
[PlyCount "88"]
[EventDate "2009.07.14"]
[EventType "swiss"]
[EventRounds "9"]
[EventCountry "ESP"]
[SourceTitle "CBM 131 Extra"]
[Source "ChessBase"]
[SourceDate "2009.09.03"]
[SourceVersion "2"]
[SourceVersionDate "2009.09.16"]
[SourceQuality "1"]

1. e4 c5 2. Nf3 d6 3. d4 Nf6 4. Nc3 cxd4 5. Nxd4 a6 6. Be2 e5 7. Nb3 Be7 8. 0-0 0-0 9. Re1 Be6 10. Bf3 Nbd7 11. a4 Qc7 12. a5 h6 13. h3 Rac8 14. Be3 Rfd8 15. Nd2 Nc5 16. Nf1 d5 17. exd5 e4 18. Bxc5 Bxc5 19. Bxe4 Bb4 20. Qf3 Bxc3 21. bxc3 Bxd5 22. Bxd5 Rxd5 23. c4 Rxa5 24. Rxa5 Qxa5 25. Qxb7 Rc7 26. Qb8+ Kh7 27. Rb1 Rxc4 28. Ne3 Rc7 29. Qb4 Qe5 30. Qa4 Qe6 31. c4 Rc6 32. Qa5 g6 33. Ra1 Ne4 34. Ra2 Qc8 35. Qd5 Re6 36. Qa5 Qb8 37. Ra1 Nxf2 38. Nd5 Nxh3+ 39. gxh3 Qg3+ 40. Kf1 Qf3+ 41. Kg1 Re2 42. Nf6+ Qxf6 43. Rf1 Qd4+ 44. Kh1 Qe4+ 0-1

[Event "Aragon-chT"]
[Site "Aragon"]
[Date "2009.03.28"]
[Round "9"]
[White "Antolin Concha, Diego"]
[Black "Sarto Ramos, Angel"]
[Result "1/2-1/2"]
[WhiteElo "2122"]
[BlackElo "2004"]
[PlyCount "117"]
[EventDate "2009.01.24"]
[EventType "team-swiss"]
[EventRounds "9"]
[EventCountry "ESP"]
[SourceTitle "EXT 2011"]
[Source "ChessBase"]
[SourceDate "2010.11.26"]
[SourceVersion "1"]
[SourceVersionDate "2010.11.26"]
[SourceQuality "1"]

1. d4 g6 2. c4 c5 3. d5 Bg7 4. Nc3 d6 5. Bf4 Nf6 6. h3 0-0 7. e4 a6 8. a4 Nbd7 9. Nf3 Nh5 10. Bh2 Qa5 11. Qd2 Ne5 12. Be2 Nxf3+ 13. Bxf3 Nf6 14. 0-0 Nd7 15. Be2 Qb4 16. Qc2 Bd4 17. Kh1 Ne5 18. f4 Nxc4 19. Na2 Qxb2 20. Qxc4 b5 21. Qd3 c4 22. Qf3 Qb3 23. Rad1 Bc5 24. Nc1 Qxa4 25. f5 Qa3 26. Qf4 Qe3 27. Qh4 g5 28. Qg4 f6 29. h4 Rf7 30. Rf3 h5 31. Qxh5 Qxe4 32. hxg5 Bxf5 33. Rf4 Qxf4 34. g6 Qg5 35. gxf7+ Kg7 36. Qxg5+ fxg5 37. Rf1 Be4 38. Bf3 Bxf3 39. Rxf3 Rf8 40. Bg1 Rxf7 41. Bxc5 Rxf3 42. gxf3 dxc5 43. Kg2 Kf6 44. Kg3 Ke5 45. Kg4 Kxd5 46. Kxg5 b4 47. Kf4 b3 48. Ke3 b2 49. Na2 Ke5 50. Nc3 a5 51. Nb1 a4 52. Na3 Kd5 53. Kd2 Kd4 54. Nb5+ Ke5 55. Kc2 Kf4 56. Kxb2 Kxf3 57. Nc3 Ke3 58. Nxa4 Kd3 59. Nxc5+ 1/2-1/2

[Event "Aragon-chT"]
[Site "Aragon"]
[Date "2009.02.28"]
[Round "5"]
[White "Martin Barbero, Roberto"]
[Black "Antolin Concha, Diego"]
[Result "0-1"]
[WhiteElo "2012"]
[BlackElo "2122"]
[PlyCount "102"]
[EventDate "2009.01.24"]
[EventType "team-swiss"]
[EventRounds "9"]
[EventCountry "ESP"]
[SourceTitle "EXT 2011"]
[Source "ChessBase"]
[SourceDate "2010.11.26"]
[SourceVersion "1"]
[SourceVersionDate "2010.11.26"]
[SourceQuality "1"]

1. d4 Nf6 2. Nf3 d5 3. g3 Bf5 4. Bg2 e6 5. 0-0 Be7 6. Nbd2 h6 7. Ne5 0-0 8. c3 c5 9. a4 Nc6 10. Ndf3 Rc8 11. Nxc6 bxc6 12. h3 cxd4 13. cxd4 c5 14. Be3 c4 15. Bd2 Ne4 16. Bc3 Nxc3 17. bxc3 Qa5 18. Qd2 Rb8 19. Ne5 Rb3 20. Nc6 Qc7 21. Nxe7+ Qxe7 22. f3 Qb7 23. Qe1 Bc2 24. e4 Bd3 25. Rf2 dxe4 26. fxe4 Qc7 27. Kh2 Qa5 28. Rc1 Qxa4 29. Bf1 Bxf1 30. Qxf1 Qb5 31. Rcc2 a5 32. d5 exd5 33. exd5 Qxd5 34. Rfd2 Qc6 35. Qa1 Qb5 36. Rd1 a4 37. Ra2 a3 38. Qc1 Rb2+ 39. Rd2 Rxd2+ 40. Qxd2 Qb3 41. h4 h5 42. Kh3 Rb8 43. Qd6 Qxa2 44. Qxb8+ Kh7 45. Qf4 Qb1 46. Kh2 Qc2+ 47. Kh3 a2 48. Qxf7 Qg6 49. Qa7 Qg4+ 50. Kh2 Qe2+ 51. Kh3 Qf1+ 0-1

[Event "Aragon-chT"]
[Site "Aragon"]
[Date "2009.02.21"]
[Round "4"]
[White "Antolin Concha, Diego"]
[Black "Martin Catalan, Juan Vicente"]
[Result "1-0"]
[WhiteElo "2122"]
[BlackElo "2114"]
[PlyCount "51"]
[EventDate "2009.01.24"]
[EventType "team-swiss"]
[EventRounds "9"]
[EventCountry "ESP"]
[SourceTitle "EXT 2011"]
[Source "ChessBase"]
[SourceDate "2010.11.26"]
[SourceVersion "1"]
[SourceVersionDate "2010.11.26"]
[SourceQuality "1"]

1. d4 Nf6 2. c4 g6 3. Bf4 Bg7 4. e3 d6 5. h3 0-0 6. Nf3 c5 7. Nc3 Qa5 8. Qd2 Nc6 9. d5 Nb4 10. Rc1 Bd7 11. a3 Na6 12. Bd3 Nc7 13. 0-0 a6 14. b4 Qb6 15. e4 Qa7 16. e5 dxe5 17. Nxe5 Nce8 18. Rfe1 cxb4 19. axb4 Rd8 20. Nxd7 Rxd7 21. Na4 Nd6 22. Be3 Qb8 23. Nb6 Rdd8 24. Bf4 Qc7 25. c5 Rfe8 26. Qe3 1-0

[Event "ESP-ch zone 1"]
[Site "Logrono"]
[Date "2008.08.20"]
[Round "4.5"]
[White "Blazquez Gomez, Jose Luis"]
[Black "Antolin Concha, Diego"]
[Result "1/2-1/2"]
[WhiteElo "2255"]
[BlackElo "2115"]
[PlyCount "100"]
[EventDate "2008.08.18"]
[EventType "swiss"]
[EventRounds "4"]
[EventCountry "ESP"]
[SourceTitle "CBM 126 Extra"]
[Source "ChessBase"]
[SourceDate "2008.11.05"]
[SourceVersion "1"]
[SourceVersionDate "2008.11.05"]
[SourceQuality "1"]

1. d4 d5 2. Nf3 Nf6 3. g3 Bf5 4. Bg2 h6 5. 0-0 e6 6. c4 c6 7. Nc3 Nbd7 8. c5 Be7 9. b4 0-0 10. a4 b6 11. Bf4 Nh5 12. Ne5 Nxe5 13. Bxe5 Nf6 14. Re1 Nd7 15. Bf4 a5 16. b5 g5 17. Bd6 bxc5 18. Bxe7 Qxe7 19. bxc6 cxd4 20. Qxd4 Nb8 21. e4 Nxc6 22. Qb6 dxe4 23. Nxe4 Rac8 24. Rac1 Bxe4 25. Bxe4 Nb4 26. Rxc8 Rxc8 27. Qxa5 Qc5 28. Qxc5 Rxc5 29. Rb1 Na6 30. Bb7 Ra5 31. Bxa6 Rxa6 32. Ra1 Kf8 33. Kf1 Ke7 34. Ke2 Kd6 35. Kd3 Kc5 36. Ke4 f6 37. h4 Kb4 38. Kf3 f5 39. hxg5 hxg5 40. g4 Ra5 41. gxf5 exf5 42. Ke3 Kc3 43. Rc1+ Kb3 44. Rg1 g4 45. Rb1+ Kc4 46. Rb5 f4+ 47. Kxf4 Rxa4 48. Re5 Kd3+ 49. Kg3 Kd2 50. Re8 Kd3 1/2-1/2

[Event "ESP-ch U16"]
[Site "Padron"]
[Date "2008.07.22"]
[Round "5"]
[White "Antolin Concha, Diego"]
[Black "Chueca Forcen, Alberto"]
[Result "1/2-1/2"]
[WhiteElo "2115"]
[BlackElo "2254"]
[PlyCount "139"]
[EventDate "2008.07.20"]
[EventType "swiss"]
[EventRounds "9"]
[EventCountry "ESP"]
[SourceTitle "EXT 2010"]
[Source "ChessBase"]
[SourceDate "2010.11.25"]
[SourceVersion "1"]
[SourceVersionDate "2010.11.25"]
[SourceQuality "1"]

1. d4 Nf6 2. Nf3 e6 3. e3 c5 4. c3 d5 5. Bd3 Nc6 6. Nbd2 Bd6 7. 0-0 0-0 8. dxc5 Bxc5 9. e4 Qc7 10. Qe2 Bd6 11. Re1 Ng4 12. h3 Nge5 13. Bc2 Ng6 14. Nb3 dxe4 15. Bxe4 e5 16. c4 Nce7 17. Be3 Bb4 18. Red1 f5 19. Bd5+ Nxd5 20. cxd5 e4 21. Ng5 h6 22. Qh5 Nf4 23. Bxf4 Qxf4 24. Ne6 Bxe6 25. dxe6 Bd6 26. Rd5 e3 27. Qf3 Qh2+ 28. Kf1 exf2 29. Kxf2 Rae8 30. Re1 Bc7 31. Nc5 Bb6 32. Qg3 Qxg3+ 33. Kxg3 Bxc5 34. Rxc5 Re7 35. Kf4 Rf6 36. Rce5 g5+ 37. Kf3 Kg7 38. R1e2 Rf8 39. Rd2 Kf6 40. Rdd5 f4 41. h4 gxh4 42. Kxf4 Rxe6 43. Rf5+ Ke7 44. Rxf8 Kxf8 45. Rd7 Re2 46. Rxb7 Rxg2 47. Rxa7 h3 48. Ra3 h2 49. Rh3 Kg7 50. a4 Rxb2 51. Kg3 Ra2 52. Rxh2 Rxa4 53. Rb2 Ra6 54. Rb3 Kg6 55. Rb1 Ra5 56. Kh2 Kh5 57. Kh1 Ra4 58. Rc1 Kg4 59. Rb1 h5 60. Rc1 Ra3 61. Rb1 h4 62. Rc1 Kg3 63. Rb1 h3 64. Rc1 Ra2 65. Rb1 Rh2+ 66. Kg1 Re2 67. Rb3+ Kg4 68. Rb1 h2+ 69. Kh1 Kf3 70. Rb3+ 1/2-1/2

[Event "ESP-ch U16"]
[Site "Padron"]
[Date "2008.07.22"]
[Round "4"]
[White "Espinosa Aranda, Angel"]
[Black "Antolin Concha, Diego"]
[Result "0-1"]
[WhiteElo "2313"]
[BlackElo "2115"]
[PlyCount "116"]
[EventDate "2008.07.20"]
[EventType "swiss"]
[EventRounds "9"]
[EventCountry "ESP"]
[SourceTitle "EXT 2010"]
[Source "ChessBase"]
[SourceDate "2010.11.25"]
[SourceVersion "1"]
[SourceVersionDate "2010.11.25"]
[SourceQuality "1"]

1. e4 c5 2. Nf3 d6 3. d4 Nf6 4. Nc3 cxd4 5. Nxd4 a6 6. f4 e5 7. Nf3 Nc6 8. a4 Be7 9. Bd3 Qc7 10. 0-0 0-0 11. Kh1 exf4 12. Bxf4 Ne5 13. Nd4 Be6 14. Nce2 Nfd7 15. Ng3 g6 16. Bh6 Rfe8 17. Qe2 Bf6 18. Be3 Rac8 19. Rac1 Bg7 20. b3 Qd8 21. Qd2 Ng4 22. Bg5 Qb6 23. Nxe6 fxe6 24. h3 Nge5 25. Be2 Rc6 26. Be3 Qc7 27. c4 Nc5 28. Qc2 a5 29. Rcd1 Rb6 30. Bf3 Nc6 31. Ne2 Nb4 32. Qd2 Be5 33. Bg4 Nba6 34. Bd4 Rxb3 35. Bxe5 dxe5 36. Nc3 Qc6 37. Qf2 Qc7 38. Nb5 Qg7 39. Qe2 h5 40. Nd6 Re7 41. Bf3 Nb4 42. Nc8 Re8 43. Nd6 Rf8 44. Qd2 Rd3 45. Qg5 Rxd1 46. Rxd1 Nbd3 47. Qe3 Rd8 48. Rxd3 Nxd3 49. Qxd3 Qc7 50. Nb5 Rxd3 51. Nxc7 Ra3 52. Nxe6 Rxa4 53. Nc5 Rxc4 54. Nxb7 Rc1+ 55. Kh2 a4 56. Na5 a3 57. Nb3 Rb1 58. Nd2 a2 0-1

[Event "ESP-ch U14"]
[Site "Padron"]
[Date "2008.07.15"]
[Round "5"]
[White "Antolin Concha, Diego"]
[Black "Anton Guijarro, David"]
[Result "1/2-1/2"]
[WhiteElo "2115"]
[BlackElo "2055"]
[PlyCount "65"]
[EventDate "2008.07.13"]
[EventType "swiss"]
[EventRounds "9"]
[EventCountry "ESP"]
[SourceTitle "CBM 125 Extra"]
[Source "ChessBase"]
[SourceDate "2008.09.01"]
[SourceVersion "1"]
[SourceVersionDate "2008.09.01"]
[SourceQuality "1"]

1. Nf3 c5 2. c4 Nf6 3. Nc3 a6 4. g3 e6 5. Bg2 Be7 6. 0-0 0-0 7. b3 d6 8. d4 cxd4 9. Nxd4 Qc7 10. Bb2 Nc6 11. e4 Bd7 12. Rc1 Nxd4 13. Qxd4 Qa5 14. Kh1 Rfd8 15. h3 Qh5 16. Qd1 Qg6 17. Qe2 Rab8 18. a4 Bf8 19. Rcd1 h5 20. Kh2 h4 21. g4 e5 22. Bc1 Bc6 23. f3 Nd7 24. b4 Nf6 25. Qf2 Bd7 26. Rfe1 Rbc8 27. Bf1 Be6 28. Nd5 Nxd5 29. cxd5 Bd7 30. b5 axb5 31. axb5 Be7 32. Be3 Bg5 33. Qd2 1/2-1/2

[Event "ESP-ch U14"]
[Site "Padron"]
[Date "2008.07.13"]
[Round "1"]
[White "Antolin Concha, Diego"]
[Black "Garrido Piriz, Pablo"]
[Result "1-0"]
[WhiteElo "2115"]
[BlackElo "1641"]
[PlyCount "47"]
[EventDate "2008.07.13"]
[EventType "swiss"]
[EventRounds "9"]
[EventCountry "ESP"]
[SourceTitle "CBM 125 Extra"]
[Source "ChessBase"]
[SourceDate "2008.09.01"]
[SourceVersion "1"]
[SourceVersionDate "2008.09.01"]
[SourceQuality "1"]

1. e4 e6 2. d4 d5 3. Nc3 Bb4 4. exd5 exd5 5. Bd3 Nf6 6. Bg5 0-0 7. a3 Ba5 8. Nge2 c6 9. 0-0 Bg4 10. f3 Bh5 11. Ng3 Bg6 12. Nce2 Bxd3 13. Qxd3 Nbd7 14. Nh5 h6 15. Bh4 Qe7 16. Neg3 c5 17. Nf5 Qe6 18. Nhxg7 Qb6 19. Qe3 Ne8 20. Nh5 cxd4 21. Qf4 d3+ 22. Bf2 Qxb2 23. Bd4 Qxc2 24. Ne7+ 1-0

[Event "Aragon-chT"]
[Site "Aragon"]
[Date "2008.04.05"]
[Round "8"]
[White "Antolin Concha, Diego"]
[Black "Moreno Gracia, Daniel"]
[Result "1/2-1/2"]
[WhiteElo "2055"]
[BlackElo "2188"]
[PlyCount "61"]
[EventDate "2008.02.02"]
[EventType "team-swiss"]
[EventRounds "12"]
[EventCountry "ESP"]
[SourceTitle "EXT 2011"]
[Source "ChessBase"]
[SourceDate "2010.11.26"]
[SourceVersion "1"]
[SourceVersionDate "2010.11.26"]
[SourceQuality "1"]

1. d4 Nf6 2. c4 e6 3. Nf3 Bb4+ 4. Bd2 Qe7 5. g3 Nc6 6. Bg2 Bxd2+ 7. Nbxd2 d6 8. 0-0 e5 9. d5 Nb8 10. e4 Bg4 11. b4 0-0 12. Qc2 a5 13. a3 Na6 14. Rab1 Rfc8 15. Rfc1 axb4 16. axb4 Bxf3 17. Nxf3 c6 18. dxc6 bxc6 19. Ne1 Nc7 20. Qd3 Rd8 21. b5 Ne6 22. bxc6 Qc7 23. Nc2 Qxc6 24. Nb4 Qa4 25. Nd5 Nxd5 26. Qxd5 Ra5 27. Rb5 Ra7 28. Rb6 Ra5 29. Rb5 Raa8 30. Rb6 Ra5 31. Rb5 1/2-1/2

[Event "ESP-ch U14"]
[Site "Linares"]
[Date "2007.07.21"]
[Round "7"]
[White "Forcen Esteban, Daniel"]
[Black "Antolin Concha, Diego"]
[Result "0-1"]
[WhiteElo "2134"]
[BlackElo "2077"]
[PlyCount "56"]
[EventDate "2007.07.15"]
[EventType "swiss"]
[EventRounds "9"]
[EventCountry "ESP"]
[SourceTitle "EXT 2008"]
[Source "ChessBase"]
[SourceDate "2007.11.25"]
[SourceVersion "1"]
[SourceVersionDate "2007.11.25"]
[SourceQuality "1"]

1. e4 c5 2. Nf3 Nc6 3. c3 d5 4. exd5 Qxd5 5. d4 cxd4 6. cxd4 Nf6 7. Nc3 Qd6 8. Nb5 Qd7 9. Bd3 a6 10. Nc3 e6 11. 0-0 Be7 12. a3 0-0 13. Bc2 Rd8 14. Ne2 b5 15. Bg5 Bb7 16. Qd3 g6 17. Rad1 Rac8 18. b4 Nxb4 19. axb4 Be4 20. Qa3 Rxc2 21. Ne5 Qb7 22. Nf4 Nd5 23. Bxe7 Nxf4 24. f3 Rxg2+ 25. Kh1 Qxe7 26. fxe4 Qh4 27. Nf3 Qh3 28. Rg1 Rxh2+ 0-1

[Event "Aragon-chT Autonomico"]
[Site "Aragon"]
[Date "2007.03.03"]
[Round "6"]
[White "Antolin Concha, Diego"]
[Black "Montes Santos, Lorenzo"]
[Result "1-0"]
[WhiteElo "1954"]
[BlackElo "2053"]
[PlyCount "103"]
[EventDate "2007.01.27"]
[EventType "team-tourn"]
[EventRounds "9"]
[EventCountry "ESP"]
[SourceTitle "EXT 2008"]
[Source "ChessBase"]
[SourceDate "2007.11.25"]
[SourceVersion "1"]
[SourceVersionDate "2007.11.25"]
[SourceQuality "1"]
[WhiteTeam "IberCaja II"]
[BlackTeam "Caissa"]
[WhiteTeamCountry "ESP"]
[BlackTeamCountry "ESP"]

1. e4 g6 2. Nc3 Bg7 3. d4 c6 4. f4 d5 5. e5 h5 6. Nf3 Bg4 7. Be3 e6 8. h3 Bxf3 9. Qxf3 Ne7 10. Bd3 Nd7 11. Ne2 Qb6 12. b3 0-0-0 13. 0-0 Nf5 14. Bf2 Rdg8 15. c4 Bf8 16. Rfb1 Qd8 17. b4 Nh4 18. Qe3 Nf5 19. Qc1 dxc4 20. Be4 g5 21. b5 c5 22. Qxc4 gxf4 23. dxc5 Nxe5 24. Bxb7+ Kxb7 25. c6+ Kc8 26. Qa4 Rxg2+ 27. Kxg2 Qd5+ 28. Kf1 Rg8 29. Qa6+ Kd8 30. Rd1 Nd3 31. c7+ Ke7 32. Qa3+ Kf6 33. Qc3+ e5 34. Rxd3 Qh1+ 35. Ng1 Qg2+ 36. Ke1 Qe4+ 37. Kd1 Bb4 38. Qc6+ Qxc6 39. bxc6 Rc8 40. Rd7 e4 41. Bxa7 e3 42. Ke2 Rg8 43. Rd8 Rg2+ 44. Kd3 Ne7 45. c8Q Nxc8 46. Rxc8 Rd2+ 47. Kc4 Ba5 48. Bd4+ Kf5 49. Rf8 Ke4 50. Re8+ Kf5 51. Re5+ Kg6 52. Rxa5 1-0

[Event "Sort op 2nd"]
[Site "Sort"]
[Date "2006.06.27"]
[Round "2"]
[White "Bruned, Boris"]
[Black "Antolin Concha, Diego"]
[Result "1-0"]
[WhiteElo "2226"]
[BlackElo "1921"]
[PlyCount "75"]
[EventDate "2006.06.26"]
[EventType "swiss"]
[EventRounds "9"]
[EventCountry "ESP"]
[SourceTitle "CBM 113 Extra"]
[Source "ChessBase"]
[SourceDate "2006.09.14"]
[SourceVersion "1"]
[SourceVersionDate "2006.09.14"]
[SourceQuality "1"]

1. e4 c5 2. Nf3 Nc6 3. d4 cxd4 4. Nxd4 Nf6 5. Nc3 e5 6. Ndb5 d6 7. Bg5 a6 8. Na3 b5 9. Nd5 Be7 10. Bxf6 Bxf6 11. c3 0-0 12. Nc2 Bg5 13. a4 bxa4 14. Rxa4 a5 15. Bc4 Rb8 16. b3 Kh8 17. 0-0 f5 18. Re1 f4 19. b4 f3 20. g3 Qd7 21. b5 Na7 22. Rxa5 Nxb5 23. Qd3 Nc7 24. Rd1 Nxd5 25. Rxd5 Be7 26. Ne1 Qg4 27. Ra5 Bb7 28. Bd5 Bxd5 29. Qxd5 Rfc8 30. Ra7 Bf8 31. Qd3 Rb3 32. Rc1 Qg5 33. Raa1 Qd8 34. Rc2 Qc7 35. Rac1 Qc4 36. Qxc4 Rxc4 37. Nxf3 Rxe4 38. Nd2 1-0